00450nam a2200145Ia 4500003000900000008004100009020001800050040001600068080001600084100002600100245009500126260004800221300001600269650001900285IN-BaIIA211028s9999 xx 000 0 eng d a0-521-52725-X cIIA Library a535.14bGER aGerry, Christopher C. 0aIntroductory quantum opticscChristopher C. Gerry and Peter L. Knight  aCambridgebCambridge University Pressc2005 axiii; 317p. aQuantum Optics